00618nam a2200181Ia 4500952013100000999001700131003000400148005001700152008004100169040000900210082002200219100002900241245004900270260004500319300000900364650001300373942005000386 00102ddc40708SSaMESbMEScMALd2019-02-20g50.00l0o894.812301 BAL/Kp24805r2019-02-20 00:00:00w2019-02-20yBKzGR30R1 c28080d28080OSt20201228114819.0190216s9999||||xx |||||||||||||| ||und|| coclc a894.812301bBAL/K aBalakrishnan, C V 96478 0aKulirum Mattu Kathakalum /cC V Balakrishnan bPoorna Publications,a Kozhikode:c1999. a128p aKathakal cBK2ddch894.812301iBAL/Kk894.812301mBAL/K